000 00732nam a2200229Ia 4500
003 OSt
005 20230523150514.0
008 210423s2015 xx 000 0 und d
020 _a978-93-5144-709-2
040 _cAL
041 _aeng
082 _a332.02
_223
_bGKPI
100 _aG K Publications
_9111507
245 _aIBPS common recruitment process bank clerk: online exam 2015-16 phase 1 15 practice sets
260 _aNoida
_bG K Publishers
_c2015
300 _aP S15
_bPB
365 _b165
_cINR
650 _aEconomics
_9111508
650 _aFinancial Economics
_9111509
906 _a15 ; 2015-16 ; bank ; clerk: ; common ; exam ; IBPS ; online ; phase ; practice ; process ; recruitment ; sets
942 _2ddc
_cBK
999 _c167071
_d167071